| 000 | 00631nam a2200205 i 4500 | ||
|---|---|---|---|
| 001 | 132756 | ||
| 003 | ES-MaACL | ||
| 005 | 20250815062607.0 | ||
| 007 | t| | ||
| 008 | 070214s1966 sp r ||||1| spa d | ||
| 100 | 1 |
_aRoselló Mora, María. _999699 |
|
| 245 | 1 | 0 |
_a5000 años de historia / _cMaría Roselló Mora. |
| 260 |
_aBarcelona : _bRamón Sopena, _c1966. |
||
| 300 |
_a690 p., 74 lám. : _bil. ; _c21 cm. |
||
| 490 | 1 | _aBiblioteca Hispania Ilustrada | |
| 650 | 7 |
_aHistoria universal _2embne _913429 |
|
| 830 | 0 |
_aBiblioteca Hispania Ilustrada _9186905 |
|
| 852 |
_aES-MaACL _jC-32417 _bR.62958 |
||
| 999 |
_c132756 _d132756 |
||